LEADER 01074nam 2200373 450 001 9910317626403321 005 20221017050803.0 010 $a953-51-5133-9 035 $a(CKB)4970000000097820 035 $a(NjHacI)994970000000097820 035 $a(EXLCZ)994970000000097820 100 $a20221017d2012 uy 0 101 0 $aeng 135 $aur||||||||||| 181 $ctxt$2rdacontent 182 $cc$2rdamedia 183 $acr$2rdacarrier 200 00$aEntrepreneurship $eBorn, Made and Educated /$fedited by Thierry Burger-Helmchen 210 1$aRijeka :$cIntechOpen,$d2012. 210 4$d©2012 215 $a1 online resource (xii, 352 pages) $cillustrations 311 $a953-51-0210-9 320 $aIncludes bibliographical references. 517 $aEntrepreneurship 606 $aEntrepreneurship 615 0$aEntrepreneurship. 676 $a975.703 702 $aBurger-Helmchen$b Thierry 801 0$bNjHacI 801 1$bNjHacl 906 $aBOOK 912 $a9910317626403321 996 $aEntrepreneurship$9415604 997 $aUNINA LEADER 00786nam a2200253 i 4500 001 991001686479707536 005 20230720140328.0 008 120424s2009 it 001 0 ita d 020 $a9788804587286 035 $ab14053548-39ule_inst 040 $aDip.to SSC$bita 082 $a152.42 100 1 $aMuraro, Luisa$0160951 245 10$aAl mercato della felicitą :$bla forza irrinunciabile del desiderio /$cLuisa Muraro 260 $aMilano :$bMondadori,$c2009 300 $a171 p. ;$c23 cm 440 0$aSaggi 650 4$aFelicitą$xFilosofia 650 4$aDesiderio$xFilosofia 907 $a.b14053548$b18-12-18$c24-04-12 912 $a991001686479707536 996 $aAl mercato della felicitą$9233683 997 $aUNISALENTO 998 $ale021$b24-04-12$cm$da$e-$fita$git$h0$i0